Modern microeconomics (Record no. 2596)

MARC details
000 -LEADER
fixed length control field 00544 a2200181 4500
020 ## - INTERNATIONAL STANDARD BOOK NUMBER
Terms of availability 320.00
035 ## - SYSTEM CONTROL NUMBER
System control number B-157861
037 ## - SOURCE OF ACQUISITION
Source of stock number/acquisition RP-L-101 / PANSY-06-07:4/ RP-06-07:ENG
082 14 - DEWEY DECIMAL CLASSIFICATION NUMBER
Classification number 330.1
090 ## - LOCALLY ASSIGNED LC-TYPE CALL NUMBER (OCLC); LOCAL CALL NUMBER (OCLC)
-- 2639
-- 2639
100 1# - MAIN ENTRY--PERSONAL NAME
Personal name Ahjua, H.L.
245 1# - TITLE STATEMENT
Title Modern microeconomics
Remainder of title theory and applications
250 ## - EDITION STATEMENT
Edition statement 14th rev. ed.
260 ## - PUBLICATION, DISTRIBUTION, ETC. (IMPRINT)
Place of publication, distribution, etc New Delhi
Name of publisher, distributor, etc S. Chand
Date of publication, distribution, etc 2006
300 ## - PHYSICAL DESCRIPTION
Extent xv, 896 p
Dimensions 24 cm (pbk)
942 ## - ADDED ENTRY ELEMENTS (KOHA)
Institution code [OBSOLETE] dpl
Koha item type English Books
Call number prefix 330.1 / AHU
Holdings
Withdrawn status Lost status Source of classification or shelving scheme Damaged status Not for loan Home library Current library Date acquired Total Checkouts Total Renewals Barcode Date last seen Date checked out Uniform Resource Identifier Cost, replacement price Price effective from Koha item type Public note
Written off   Dewey Decimal Classification     Central Library Central Library   3 1 B-157861 31/03/2018 03/03/2018 2779 25.00 15/09/2008 English Books W/d list no. 6807/25

© Delhi Public Library
Hit Counter
free hit counter